| 000 | 00602cam a22002171 4500 | ||
|---|---|---|---|
| 001 | ne 66000268 | ||
| 003 | DLC | ||
| 005 | 20260227111820.0 | ||
| 008 | 940830s1964 ua abc 000 0 arar | ||
| 010 | _ane 66000268 | ||
| 035 | _a(OCoLC)31033219 | ||
| 040 |
_aDLC _cCU _dCU _dDLC |
||
| 042 | _apremarc | ||
| 050 | 0 | 0 |
_aDS36.2 _b.M8 |
| 130 | 0 | _aMuṣawwar. | |
| 245 | 1 | 3 |
_aal-Jāmiʻah al-ʻArabīyah, _bʻadad khāṣṣ. |
| 260 |
_a[al-Qāhirah] _bal-Muṣawwar, _c1964. |
||
| 300 |
_a130 p. _billus. (part col.) maps, ports. _c34 cm. |
||
| 500 | _aCover title. | ||
| 610 | 2 | 0 | _aLeague of Arab States. |
| 999 |
_c48678 _d48678 |
||